1558 1195 1231 1310 1107 1850 1115 1792 1245 1389 1716 1691 1435 1298 1443 1487 1378 1615 1230 1873 1330 1343 1898 1536 1920 1016 1742 1798 1738 1055 1053 1181 1224 1041 1722 1794 1635 1498 1272 1676 1959 1826 1399 1878 1720 1318 1475 1204 1296 1154 1158 1070 1084 1326 1602 1548 1695 1262 1998 1231 1072 1490 1048 1246 1940 1362 1348 1893 1001 1790 1221 1164 1711 1009 1566 1425 1790 1184 1609 1182 1832 1647 1978 1614 1759 1582 1741 1896 1173 1160 1146 1377 1501 1774 1993 1658 1501 1005 1845 BCNSPRNW ULIB Ver.6.0+V

เปลี่ยนเป็นภาษาไทย

Change to English
 แสดงรายละเอียดบรรณานุกรม
  กลับหน้าหลัก

Brief Record : Get Marc (ISO 2709) : E-mail record : QR code < ปิดหน้าต่าง
LEADER : 00000nam 2200000uu 4500
001    13399124784
003     ULIB
008    160323s2013||||th 000 0 eng d
020    ^a9781449645755
060    ^aWQ165^bT367c
100 0  ^aTharpe, Nell L.
245 00 ^aClinical Practice Guidelines for Midwifery & Women s Health /^b[edited by]Tharpe, Nell L.
250    ^a4th ed.
260    ^aU.S.A :^bJones & Bartiett Learning,^c2013
300    ^a622 p.
650  0 ^aMidwifery-methods-Practice Guideline 0^aGenital Diseases, Female-Practice Guideline 0^aPregnancy Complications-Practce Guideline 0^a
945    ^p4320^l0^i000333
999    ^aเกษร โพธิ์สุวรรณ
รายการนี้ยังไม่มีแท็ก
คุณยังไม่ได้ล็อกอิน คุณสามารถมีกิจกรรมร่วมกับเว็บไซต์ได้ แต่ต้องล็อกอินก่อน ::
  ล็อกอิน

รายการสื่อสารสนเทศ

ลำดับที่ ประเภท เลขเรียก/บาร์โค้ด สถานที่ สถานะ
1. วิทยาศาสตร์การแพทย์ และสุขภาพ
วิทยาศาสตร์การแพทย์ และสุขภาพ
WQ165 T367c ฉ.1 
  Barcode: 000333
ห้องสมุดวิทยาเขตสวรรค์ประชารักษ์
►หนังสือทั่วไป
บนชั้น

BibComment


ยังไม่เคยถูกคอมเมนท์

คอมเมนท์ทรัพยากรรายการนี้
  คอมเมนท์: Clinical Practic..


 Copyright 2026. Bcnsprnw @Library